| 000 | 01283nam a22003617a 4500 | ||
|---|---|---|---|
| 003 | CHAP | ||
| 005 | 20250926062750.0 | ||
| 008 | 971010s1983 r 00010 d | ||
| 010 | _a64095 | ||
| 011 | _a65067 | ||
| 035 | _a71228 | ||
| 040 | _cCHAP | ||
| 090 | _aTesis | ||
| 100 | 0 | 0 |
_aSosa Maldonado, Antonio. _9108810 |
| 245 | _aCurvas de producción de gramíneas perennes tropicales en siembras puras | ||
| 260 |
_aChapingo, Méx. : _bEl autor, _c1983? |
||
| 300 |
_a98 h. _b; apénd.; gráfs. |
||
| 502 | _aTesis (Ing. Agrónomo Esp. en Zootecnia) -- UACH. Departamento de Zootecnia | ||
| 590 |
_aALEPH _b10 _c20130110 _lUCH01 _h1349 |
||
| 590 |
_aBATCH-UPD _b10 _c20130110 _lUCH01 _h0557 |
||
| 590 |
_aBATCH-UPD _b10 _c20130410 _lUCH01 _h0238 |
||
| 590 |
_aBATCH-UPD _b10 _c20130914 _lUCH01 _h1904 |
||
| 590 |
_aCONVERSION _b10 _c20130109 _lUCH01 _h1335 |
||
| 650 | 1 | 4 |
_aPastos forrajeros _xEfecto del medio ambiente. _986103 |
| 650 | 1 | 7 |
_aPastos forrajeros _xRendimiento _2 _986118 |
| 650 | 1 | 4 |
_aPastos _xTrópicos. _986085 |
| 901 | _aBK | ||
| 942 | _cFOLL | ||
| 949 |
_aS206 _bZ _cTESBD _d-3829 _eTS1 _h678 _i71228 _si |
||
| 949 |
_bBC _cTES _d-137388 _eTS1 _i71228 _si |
||
| 949 |
_bBC _cTES _d-137389 _eTS2 _fc.2 _i71228 _si |
||
| 949 |
_bBC _cTES _d33724000934758 _eTS2 _fc.3 _h21786 _i71228 _si |
||
| 999 |
_c64095 _d64095 |
||